[Event "22nd European Teams Women"]
[Site "Batumi GEO"]
[Date "2019.11.01"]
[Round "8.4"]
[Board "4"]
[White "Caglar, Sila"]
[Black "Sliwicka, Alicja"]
[Result "1-0"]
[WhiteTitle "WFM"]
[BlackTitle "WIM"]
[WhiteElo "2242"]
[BlackElo "2307"]
[WhiteTeam "Turkey"]
[BlackTeam "Poland"]
[WhiteFideId "6364063"]
[BlackFideId "1150677"]
[EventDate "2019.10.24"]

1. e4 c5 2. Nf3 d6 3. d4 Nf6 4. Nc3 cxd4 5. Nxd4 e6 6. Bg5 h6 7. Bh4 a6 8. f4
Be7 9. Qf3 Qc7 10. O-O-O Nc6 11. Nxc6 Qxc6 12. Bd3 Bd7 13. Kb1 O-O-O 14. Bf2 g5
15. fxg5 hxg5 16. Be2 Qc7 17. Be3 Bc6 18. Rd3 Rdg8 19. Bd4 g4 20. Qe3 Rh5 21.
Rf1 Rg6 22. h3 gxh3 23. gxh3 Rh4 24. Bb6 Qb8 25. e5 dxe5 26. Qc5 Qc7 27. Qa5 Qb8
28. Bd8 Bb4 29. Qb6 Nd7 30. Rxd7 Kxd7 31. Bxh4 Bxc3 32. Rxf7+ Ke8 33. Re7+ Kf8
34. Qf2+ 1-0

[Event "22nd European Teams Women"]
[Site "Batumi GEO"]
[Date "2019.11.01"]
[Round "8.5"]
[Board "1"]
[White "Batsiashvili, Nino"]
[Black "Brunello, Marina"]
[Result "1-0"]
[WhiteTitle "GM"]
[BlackTitle "FM"]
[WhiteElo "2422"]
[BlackElo "2381"]
[WhiteTeam "Georgia 2"]
[BlackTeam "Italy"]
[WhiteFideId "13602993"]
[BlackFideId "822590"]
[EventDate "2019.10.24"]

1. c4 e5 2. g3 Nf6 3. Bg2 c6 4. Nf3 e4 5. Nd4 d5 6. d3 Bc5 7. Nb3 Bb6 8. cxd5
Qxd5 9. Nc3 Qf5 10. O-O exd3 11. e4 Qg4 12. Qxd3 O-O 13. h3 Qh5 14. Qe2 Bg4 15.
hxg4 Nxg4 16. Rd1 Qh2+ 17. Kf1 Nxf2 18. Rd4 Nh1 19. Bxh1 Qxh1+ 20. Kf2 Nd7 21.
Be3 Qh2+ 22. Ke1 Qxe2+ 23. Kxe2 Bxd4 24. Nxd4 Ne5 25. Nf5 f6 26. Bd4 Rfe8 27.
Rd1 Rad8 28. Bxa7 Rxd1 29. Kxd1 g6 30. Ne3 Nd3 31. Ng4 Kf7 32. Kc2 Ne1+ 33. Kd2
Nf3+ 34. Ke3 Ne5 35. Nxe5+ Rxe5 36. Bd4 Re7 37. Kf3 h5 38. a4 g5 39. a5 Rd7 40.
Ne2 Ke6 41. b4 Rd8 42. Ke3 Rh8 43. Kf3 Rd8 44. Ke3 Rh8 45. Kf3 Rh7 46. Bc5 Kf7
47. Nd4 h4 48. gxh4 Rxh4 49. Nf5 Rh7 50. Ke3 Ke6 51. Nd4+ Kd7 52. Nf5 Ke6 53.
Bd6 Rd7 54. Bg3 Rd1 55. Ke2 Rd7 56. Bf2 Ke5 57. Ke3 Rd1 58. Nd4 Kd6 59. Bg3+ Kd7
60. Nb3 Rb1 61. Nc5+ Kc8 62. Nd3 Kd7 63. Be1 Rb3 64. Kd4 Rb1 65. Bc3 Rf1 66. Ke3
g4 67. Ke2 Rf3 68. Bd4 Kc8 69. Nc5 f5 70. e5 Rf4 71. e6 Kd8 72. Nxb7+ Ke7 73. a6
Re4+ 74. Kd3 g3 75. Bc5+ 1-0

[Event "22nd European Teams Women"]
[Site "Batumi GEO"]
[Date "2019.11.01"]
[Round "8.5"]
[Board "2"]
[White "Zimina, Olga"]
[Black "Khukhashvili, Sopiko"]
[Result "0-1"]
[WhiteTitle "IM"]
[BlackTitle "IM"]
[WhiteElo "2397"]
[BlackElo "2341"]
[WhiteTeam "Italy"]
[BlackTeam "Georgia 2"]
[WhiteFideId "4132190"]
[BlackFideId "13602055"]
[EventDate "2019.10.24"]

1. Nf3 d5 2. d4 Nf6 3. c4 e6 4. g3 Be7 5. Bg2 O-O 6. O-O c6 7. Nc3 Nbd7 8. Qd3
b6 9. Rd1 Bb7 10. e4 Rc8 11. cxd5 cxd5 12. e5 Ne8 13. h4 a6 14. Ng5 g6 15. a4
Ng7 16. Nf3 Nb8 17. Bg5 Nc6 18. Bh3 Na5 19. Rac1 Nc4 20. Qe2 Rc7 21. Nb1 Qd7 22.
b3 Bxg5 23. hxg5 Na5 24. Qd3 Rfc8 25. Rxc7 Qxc7 26. b4 Nc6 27. Qd2 Nf5 28. Kg2
Nce7 29. Ne1 Qc4 30. Qb2 Nc6 31. Bxf5 exf5 32. b5 Na5 33. Nd2 Qe2 34. Rb1 Nc4
35. Nxc4 dxc4+ 36. Kg1 Qh5 37. Kf1 c3 38. Qb4 a5 39. Qe7 Bd5 40. f3 Qh1+ 41. Kf2
Bc4 42. e6 Qf1+ 43. Ke3 Qg1+ 0-1

[Event "22nd European Teams Women"]
[Site "Batumi GEO"]
[Date "2019.11.01"]
[Round "8.5"]
[Board "3"]
[White "Gvetadze, Sofio"]
[Black "Gueci, Tea"]
[Result "1/2-1/2"]
[WhiteTitle "IM"]
[BlackTitle "WIM"]
[WhiteElo "2297"]
[BlackElo "2265"]
[WhiteTeam "Georgia 2"]
[BlackTeam "Italy"]
[WhiteFideId "13601440"]
[BlackFideId "872342"]
[EventDate "2019.10.24"]

1. e4 c5 2. Nf3 Nc6 3. Bb5 g6 4. Bxc6 dxc6 5. h3 Bg7 6. d3 Nf6 7. O-O Nd7 8.
Nbd2 O-O 9. a3 Qc7 10. Rb1 a5 11. Nc4 b5 12. Ne3 e5 13. Ng4 f6 14. Nh4 Nb6 15.
f4 Bxg4 16. Qxg4 exf4 17. Bxf4 Qd7 18. Qg3 c4 19. Be3 Rab8 20. Rbd1 Qe6 21. Bxb6
Rxb6 22. Qc7 Rfb8 23. dxc4 R6b7 24. Qxa5 Qxe4 25. Nf3 Qxc4 26. Qd2 Re7 27. Rfe1
Rbe8 28. Rxe7 Rxe7 29. Qd8+ Bf8 30. c3 Kg7 31. Rd7 Qe2 32. Rxe7+ Bxe7 33. Qd7
Qe3+ 34. Kh2 Qf4+ 35. Kh1 Qc1+ 36. Kh2 Qf4+ 37. Kh1 Qc1+ 38. Kh2 Qf4+ 39. Kh1
Qc1+ 1/2-1/2

[Event "22nd European Teams Women"]
[Site "Batumi GEO"]
[Date "2019.11.01"]
[Round "8.5"]
[Board "4"]
[White "Movileanu, Daniela"]
[Black "Mikadze, Miranda"]
[Result "1/2-1/2"]
[WhiteTitle "WFM"]
[BlackTitle "WGM"]
[WhiteElo "2173"]
[BlackElo "2279"]
[WhiteTeam "Italy"]
[BlackTeam "Georgia 2"]
[WhiteFideId "873349"]
[BlackFideId "13603108"]
[EventDate "2019.10.24"]

1. e4 c6 2. d4 d5 3. Nd2 dxe4 4. Nxe4 Bf5 5. Ng3 Bg6 6. Nf3 Nd7 7. h4 h6 8. Bd3
Bxd3 9. Qxd3 e6 10. Bd2 Qc7 11. O-O-O O-O-O 12. Qe2 Bd6 13. Nf1 Ngf6 14. g3 c5
15. Ne3 Qc6 16. Nc4 Bc7 17. Rhe1 cxd4 18. Nxd4 Qa6 19. Kb1 Kb8 20. Nb3 Nb6 21.
Nba5 Rd5 22. Nxb6 Qxe2 23. Rxe2 axb6 24. Nb3 Rhd8 25. Rde1 Ng4 26. Bc3 Nxf2 27.
Rxf2 Bxg3 28. Rfe2 Bxe1 29. Bxe1 Rd1+ 30. Nc1 g5 31. hxg5 hxg5 32. c3 Kc8 33.
Kc2 R1d5 34. Nb3 Rh8 35. Nd2 g4 36. Nc4 Kd8 37. Ne5 Ke7 38. Nxg4 b5 39. Ne5 Rh1
40. Nd3 Rdh5 41. Bg3 Rg5 42. Nf2 Rhh5 43. Ne4 Rd5 44. Bf2 f6 45. Bb6 Kf7 46. Bc7
Rd7 47. Bb6 Rdd5 48. Bc7 Rd7 49. Bb8 Rd8 50. Bg3 Rg8 51. Rf2 Rh6 52. Be5 f5 53.
Nd6+ Ke7 54. Nxb5 Rhg6 55. Kb3 Rg2 56. Rf3 Re2 57. Bd6+ Kf6 58. Nd4 Re4 59. Rf2
Rd8 60. Bc7 Rd7 61. Bb8 Rd8 62. Ba7 f4 63. Bb6 Rg8 64. Kc2 e5 65. Nb3 Re1 66.
Nc5 Kf5 67. Nd3 Re4 68. Bc7 Rg3 69. Rh2 f3 70. Rh5+ Kg6 71. Rxe5 Rg2+ 72. Kb3 f2
73. Nxf2 Rxe5 74. Bxe5 Rxf2 75. a4 Kf5 76. Bd4 Rg2 77. c4 Ke4 78. Bc3 Kd3 79.
Kb4 Rg4 80. a5 Rxc4+ 81. Kb5 Rxc3 82. bxc3 Kxc3 83. Kc5 Kb3 84. Kb6 Kb4 85. Kxb7
Kxa5 1/2-1/2

[Event "22nd European Teams Women"]
[Site "Batumi GEO"]
[Date "2019.11.01"]
[Round "8.6"]
[Board "1"]
[White "Rapport, Jovana"]
[Black "Tsolakidou, Stavroula"]
[Result "0-1"]
[WhiteTitle "WGM"]
[BlackTitle "IM"]
[WhiteElo "2379"]
[BlackElo "2431"]
[WhiteTeam "Serbia"]
[BlackTeam "Greece"]
[WhiteFideId "937266"]
[BlackFideId "4264312"]
[EventDate "2019.10.24"]

1. d4 Nf6 2. Nf3 e6 3. Bf4 c5 4. e3 Nc6 5. Nc3 cxd4 6. exd4 Be7 7. h3 a6 8. a3
d5 9. Bd3 b5 10. O-O Bb7 11. Ne2 Na5 12. b3 Nc4 13. a4 Nb2 14. Bxb5+ axb5 15.
Qb1 Nxa4 16. bxa4 b4 17. Ne5 Qc8 18. Nd3 Ba6 19. Re1 Ne4 20. Qb3 O-O 21. f3 Nc3
22. Nxc3 bxc3 23. Re3 f6 24. Nf2 Qc6 25. Qxc3 Qxc3 26. Rxc3 Rfc8 27. Re3 Kf7 28.
c3 Bb5 29. a5 Bd8 30. Rb1 Rxa5 31. Bd6 Rca8 32. Ree1 Ba6 33. Nd1 Ra2 34. Bb4 Bd3
35. Rb2 Bc7 36. Rxa2 Rxa2 37. Nf2 Bc4 38. Rb1 Bg3 39. Nh1 Bf4 40. Bc5 h5 41. h4
g5 42. hxg5 fxg5 43. Re1 h4 0-1

[Event "22nd European Teams Women"]
[Site "Batumi GEO"]
[Date "2019.11.01"]
[Round "8.6"]
[Board "2"]
[White "Avramidou, Anastasia"]
[Black "Eric, Jovana"]
[Result "1-0"]
[WhiteTitle "FM"]
[BlackTitle "WGM"]
[WhiteElo "2247"]
[BlackElo "2285"]
[WhiteTeam "Greece"]
[BlackTeam "Serbia"]
[WhiteFideId "4239873"]
[BlackFideId "938238"]
[EventDate "2019.10.24"]

1. d4 Nf6 2. c4 e6 3. Nc3 Bb4 4. Nf3 O-O 5. Qc2 d5 6. Bg5 c6 7. e3 h6 8. Bxf6
Qxf6 9. Bd3 Nd7 10. O-O dxc4 11. Ne4 Qe7 12. Qxc4 Nb6 13. Qb3 Nd5 14. Rac1 Ba5
15. Bb1 Bc7 16. Ne5 Rd8 17. Qc2 f5 18. Ng3 a5 19. a3 Nf6 20. f4 Bxe5 21. fxe5
Ng4 22. Rf3 Qg5 23. Nf1 h5 24. h3 Nh6 25. Qf2 Bd7 26. Rg3 Qe7 27. e4 h4 28. Rb3
b5 29. Nd2 Rf8 30. exf5 Nxf5 31. Bxf5 Rxf5 32. Nf3 Rf4 33. Qd2 Raf8 34. Re1 a4
35. Rbe3 Be8 36. Re4 g5 37. Rxf4 Rxf4 38. Rf1 Qf8 39. Rf2 Qf5 40. Qc2 Qxc2 41.
Rxc2 g4 42. hxg4 Rxg4 43. Kh2 Rf4 44. Kh3 Bh5 45. Rxc6 Bg4+ 46. Kh2 Bxf3 47.
gxf3 Rxf3 48. Rxe6 Rf2+ 49. Kh3 Rxb2 50. Kxh4 b4 51. Ra6 bxa3 52. Rxa4 a2 53.
Kg5 Kf7 54. Kf5 Ke7 55. Ra7+ Kd8 56. d5 Kc8 57. Ke6 Kb8 58. Ra3 Rd2 59. Kd6 Kb7
60. e6 Re2 61. e7 Kc8 62. Rxa2 1-0

[Event "22nd European Teams Women"]
[Site "Batumi GEO"]
[Date "2019.11.01"]
[Round "8.6"]
[Board "3"]
[White "Injac, Teodora"]
[Black "Pavlidou, Ekaterini"]
[Result "1-0"]
[WhiteTitle "WIM"]
[BlackTitle "WIM"]
[WhiteElo "2257"]
[BlackElo "2183"]
[WhiteTeam "Serbia"]
[BlackTeam "Greece"]
[WhiteFideId "932400"]
[BlackFideId "4213262"]
[EventDate "2019.10.24"]

1. d4 Nf6 2. Nf3 e6 3. c4 Bb4+ 4. Nbd2 O-O 5. a3 Bxd2+ 6. Qxd2 b6 7. e3 Bb7 8.
b4 d6 9. Bb2 Ne4 10. Qc2 Qe7 11. Be2 Nd7 12. O-O f5 13. Rfd1 Ndf6 14. Nd2 Nxd2
15. Qxd2 Ne4 16. Qe1 Qg5 17. Bf1 Nf6 18. Qe2 Ng4 19. d5 e5 20. h3 Nf6 21. Qf3
Rae8 22. Rac1 Ne4 23. Bd3 Bc8 24. Kh2 Rf6 25. Rc2 Qh6 26. Be2 Ref8 27. Bc1 Bd7
28. Rf1 Ba4 29. Rb2 Be8 30. g3 Nc3 31. e4 Nxe2 32. Bxh6 Nd4 33. Qe3 Rxh6 34. f4
fxe4 35. Qxe4 Bd7 36. h4 Bf5 37. Qe3 Nc2 38. Qc3 Bg6 39. Rxc2 1-0

[Event "22nd European Teams Women"]
[Site "Batumi GEO"]
[Date "2019.11.01"]
[Round "8.6"]
[Board "4"]
[White "Makka, Ioulia"]
[Black "Velikic, Adela"]
[Result "0-1"]
[WhiteTitle "WIM"]
[BlackTitle "WIM"]
[WhiteElo "2048"]
[BlackElo "2275"]
[WhiteTeam "Greece"]
[BlackTeam "Serbia"]
[WhiteFideId "4205316"]
[BlackFideId "913553"]
[EventDate "2019.10.24"]

1. e4 c5 2. Nf3 d6 3. d4 cxd4 4. Nxd4 Nf6 5. Nc3 a6 6. Be2 g6 7. O-O Bg7 8. Re1
Nc6 9. Nb3 O-O 10. Bf1 Bg4 11. f3 Be6 12. Nd5 Bxd5 13. exd5 Nb4 14. c4 b5 15. a3
bxc4 16. axb4 cxb3 17. Qxb3 Qb6+ 18. Kh1 Qb7 19. Ra5 Rfb8 20. Bd2 Qb6 21. Qd3
Nd7 22. b3 Ne5 23. Qe2 Bf6 24. f4 Nd7 25. Rxa6 Qd4 26. Rxa8 Rxa8 27. Qd3 Qxd3
28. Bxd3 Ra2 29. Rd1 Nb6 30. Be4 Bd4 31. Be1 Be3 32. g3 Rb2 33. Rd3 Re2 34. Bc3
Bxf4 35. Bf3 Re3 36. Rxe3 Bxe3 37. Kg2 Kf8 38. Kf1 Ke8 39. Ke2 Bg1 40. h3 Kd7
41. Kd3 Bf2 42. g4 e6 43. dxe6+ fxe6 44. Ke2 Bg1 45. h4 d5 46. h5 Kd6 47. h6 Nd7
48. Bg7 Bh2 49. Ke3 e5 50. Be2 Bf4+ 51. Kf3 Bd2 52. b5 e4+ 53. Kg2 Bg5 54. Bd1
Kc5 55. Be2 Be3 56. Kf1 Kb4 57. g5 Bxg5 58. Bg4 Nc5 59. b6 Kb5 60. Bd4 Bf4 61.
Bc8 Nxb3 62. Bd7+ Ka5 63. Bg1 Nd2+ 64. Kg2 Nf3 65. Bc5 Ne1+ 66. Kh3 Nd3 67. Bd4
e3 68. Bg4 Nf2+ 69. Kh4 g5+ 70. Kh5 Nxg4 71. Kxg4 e2 72. Bc3+ Kxb6 73. Kf3 Kc5
74. Kxe2 d4 75. Ba5 g4 76. Bd8 Kc4 77. Bh4 Bxh6 78. Bf6 Bf4 79. Bh4 d3+ 80. Kd1
h5 81. Bd8 Kd4 82. Bh4 Ke4 83. Be7 g3 84. Bh4 g2 85. Bf2 Be3 86. Be1 Bb6 0-1

[Event "22nd European Teams Women"]
[Site "Batumi GEO"]
[Date "2019.11.01"]
[Round "8.7"]
[Board "1"]
[White "Peng, Zhaoqin"]
[Black "Vega Gutierrez, Sabrina"]
[Result "1/2-1/2"]
[WhiteTitle "GM"]
[BlackTitle "IM"]
[WhiteElo "2364"]
[BlackElo "2395"]
[WhiteTeam "Netherlands"]
[BlackTeam "Spain"]
[WhiteFideId "1004786"]
[BlackFideId "2219026"]
[EventDate "2019.10.24"]

1. d4 Nf6 2. c4 e6 3. Nc3 d5 4. Bg5 Be7 5. e3 O-O 6. Nf3 h6 7. Bh4 b6 8. Rc1 Bb7
9. cxd5 Nxd5 10. Bxe7 Qxe7 11. Be2 c5 12. dxc5 Qxc5 13. O-O Qe7 14. Qa4 Nf6 15.
b4 a6 16. Qb3 Nbd7 17. Nd4 Rfc8 18. a3 Rc7 19. Bf3 Bxf3 20. Nxf3 Rac8 21. Ne2 b5
22. Rxc7 Rxc7 23. Rc1 Nb6 24. Rxc7 Qxc7 25. Nd2 Ng4 26. g3 Qe5 27. h3 Qa1+ 28.
Qb1 Qxb1+ 29. Nxb1 Ne5 30. Kf1 Kf8 31. Nd4 Ke7 32. Nb3 Na4 33. Ke2 Kd6 34. f4
Nc4 35. e4 e5 36. f5 Ke7 37. N3d2 Nab6 38. Nb3 Na4 39. N3d2 Ncb2 40. Nf3 Kd6 41.
g4 Nc4 42. h4 Nab6 43. g5 hxg5 44. hxg5 Nd7 45. Kd3 Nf8 46. Kc3 g6 47. a4 gxf5
48. exf5 Ne3 49. axb5 axb5 50. Nh4 Nd5+ 51. Kb3 e4 52. Nc3 e3 53. Nxb5+ Ke5 54.
Nc3 Nxb4 55. Kxb4 Kf4 56. g6 fxg6 57. Nxg6+ Kxf5 58. Nxf8 e2 59. Nxe2 Ke5 1/2-1/2

[Event "22nd European Teams Women"]
[Site "Batumi GEO"]
[Date "2019.11.01"]
[Round "8.7"]
[Board "2"]
[White "Garcia Martin, Marta"]
[Black "Haast, Anne"]
[Result "0-1"]
[WhiteTitle "FM"]
[BlackTitle "WGM"]
[WhiteElo "2305"]
[BlackElo "2288"]
[WhiteTeam "Spain"]
[BlackTeam "Netherlands"]
[WhiteFideId "32084030"]
[BlackFideId "1017292"]
[EventDate "2019.10.24"]

1. e4 c5 2. Nf3 e6 3. g3 Nc6 4. Bg2 Nf6 5. Qe2 Be7 6. e5 Nd5 7. O-O O-O 8. b3 d6
9. exd6 Qxd6 10. Nc3 Ndb4 11. Ne4 Qd8 12. d3 Nd4 13. Nxd4 cxd4 14. Bb2 e5 15. c4
dxc3 16. Bxc3 f5 17. Ng5 Nd5 18. Bd2 Bf6 19. Rac1 Ne7 20. Rfe1 Nc6 21. Nf3 Re8
22. Bc3 Bd7 23. Qb2 Qe7 24. b4 e4 25. b5 Bxc3 26. Qxc3 Nb4 27. dxe4 Nxa2 28.
Qb3+ Be6 29. Qb1 fxe4 30. Nd4 Nxc1 31. Qxe4 Nd3 32. Qxd3 Rad8 33. Qe3 Rd6 34. h4
Qf7 35. Nf3 Bd7 36. Ne5 Qe7 37. Bxb7 g6 38. Bg2 Kg7 39. Qxa7 Bxb5 40. Qc5 Re6
41. Qxe7+ R8xe7 42. f4 Ra6 43. Rb1 Be8 44. Bd5 Rd6 45. Bg2 Rd2 46. Rb8 Bf7 47.
Bf1 Rc7 48. Nf3 Ra2 49. Rb1 Bd5 50. Ne1 Rc3 51. Bd3 Rd2 0-1

[Event "22nd European Teams Women"]
[Site "Batumi GEO"]
[Date "2019.11.01"]
[Round "8.7"]
[Board "3"]
[White "Lanchava, Tea"]
[Black "Matnadze, Ana"]
[Result "0-1"]
[WhiteTitle "IM"]
[BlackTitle "IM"]
[WhiteElo "2236"]
[BlackElo "2383"]
[WhiteTeam "Netherlands"]
[BlackTeam "Spain"]
[WhiteFideId "1005308"]
[BlackFideId "13601377"]
[EventDate "2019.10.24"]

1. Nf3 Nf6 2. c4 e6 3. g3 d5 4. Bg2 g6 5. b3 Bg7 6. Bb2 O-O 7. O-O c5 8. cxd5
exd5 9. d4 Ne4 10. Qc1 Qf6 11. Nc3 Nxc3 12. Qxc3 Qe7 13. Qd2 Na6 14. Rac1 Re8
15. dxc5 Bxb2 16. Qxb2 Nxc5 17. Qd4 b6 18. b4 Ne4 19. Qxd5 Ba6 20. Qb3 Rad8 21.
b5 Bb7 22. Qb2 Nc5 23. Rc2 Be4 24. Rd2 Na4 25. Qc1 Qb4 26. Rxd8 Rxd8 27. Qc7 Rf8
28. e3 Nc3 29. Nd4 Bxg2 30. Kxg2 Nxb5 31. Qd7 Nxd4 32. exd4 Qa3 33. Re1 Qxa2 34.
d5 Qd2 35. d6 Qxe1 0-1

[Event "22nd European Teams Women"]
[Site "Batumi GEO"]
[Date "2019.11.01"]
[Round "8.7"]
[Board "4"]
[White "Calzetta Ruiz, Monica"]
[Black "Ratsma, Rosa"]
[Result "0-1"]
[WhiteTitle "WGM"]
[BlackTitle "WIM"]
[WhiteElo "2251"]
[BlackElo "2283"]
[WhiteTeam "Spain"]
[BlackTeam "Netherlands"]
[WhiteFideId "2204185"]
[BlackFideId "1033662"]
[EventDate "2019.10.24"]

1. e4 e5 2. Nf3 Nc6 3. Bb5 a6 4. Ba4 Nf6 5. d3 d6 6. c3 g6 7. O-O Bg7 8. d4 b5
9. Bb3 O-O 10. d5 Ne7 11. Re1 Nd7 12. a4 Rb8 13. axb5 axb5 14. Nbd2 Kh8 15. Nf1
f5 16. exf5 Nxf5 17. Bg5 Bf6 18. Qd2 Nb6 19. Ng3 Nxg3 20. hxg3 Bb7 21. Bh6 Re8
22. Ra7 Qd7 23. Ng5 Bxg5 24. Bxg5 Qf7 25. Rd1 Nd7 26. Qe2 Nc5 27. Bc2 Bxd5 28.
Rxd5 Qxd5 29. Rxc7 Rb7 30. Rxb7 Qxb7 31. Bf6+ Kg8 32. b4 Nd7 33. Bb3+ d5 34. Bg5
Qc6 35. Be3 Nf6 36. Qd3 Ra8 37. f3 Kg7 38. Bg5 Rd8 39. f4 Qb6+ 40. Kh1 e4 41.
Qe2 h6 42. Bh4 h5 43. Qa2 d4 44. cxd4 Qxd4 45. Bxf6+ Qxf6 46. Qa7+ Kh6 47. Bc2
h4 48. Qe3 Qd4 49. Qe1 hxg3 50. Qxg3 Kg7 0-1

[Event "22nd European Teams Women"]
[Site "Batumi GEO"]
[Date "2019.11.01"]
[Round "8.8"]
[Board "1"]
[White "Hoang, Thanh Trang"]
[Black "Unuk, Laura"]
[Result "1/2-1/2"]
[WhiteTitle "GM"]
[BlackTitle "WGM"]
[WhiteElo "2414"]
[BlackElo "2278"]
[WhiteTeam "Hungary"]
[BlackTeam "Slovenia"]
[WhiteFideId "12400149"]
[BlackFideId "14609215"]
[EventDate "2019.10.24"]

1. d4 e6 2. Nf3 Nf6 3. e3 c5 4. Bd3 Nc6 5. O-O d5 6. b3 Be7 7. Bb2 cxd4 8. exd4
Nb4 9. Be2 O-O 10. Nbd2 b6 11. a3 Nc6 12. Bd3 a5 13. Qe2 Nh5 14. g3 g6 15. Ne5
Bb7 16. f4 Ng7 17. Ndf3 Nb8 18. Ng4 h5 19. Nge5 Nd7 20. Rae1 Nf6 21. Ng5 Qc8 22.
h3 Ba6 23. c4 a4 24. Rc1 Qb7 25. bxa4 dxc4 26. Nxc4 Rad8 27. Ne5 Bxd3 28. Qxd3
Nd5 29. Ne4 Ra8 30. Rc4 Nf5 31. Re1 b5 32. axb5 Qxb5 33. Bc1 Ra4 34. Rxa4 Qxa4
35. Nc3 1/2-1/2

[Event "22nd European Teams Women"]
[Site "Batumi GEO"]
[Date "2019.11.01"]
[Round "8.8"]
[Board "2"]
[White "Janzelj, Lara"]
[Black "Gara, Anita"]
[Result "1-0"]
[WhiteTitle "WIM"]
[BlackTitle "IM"]
[WhiteElo "2159"]
[BlackElo "2366"]
[WhiteTeam "Slovenia"]
[BlackTeam "Hungary"]
[WhiteFideId "14608391"]
[BlackFideId "709751"]
[EventDate "2019.10.24"]

1. d4 d5 2. c4 dxc4 3. Nf3 a6 4. e3 Bg4 5. Bxc4 e6 6. O-O Nf6 7. b3 c5 8. Be2
Nc6 9. Bb2 Rc8 10. Nbd2 cxd4 11. Nxd4 Bxe2 12. Qxe2 Be7 13. Rfd1 Nxd4 14. Bxd4
O-O 15. Nc4 Qe8 16. Bxf6 gxf6 17. Rd4 Qb5 18. Qf3 Rfd8 19. Rg4+ Kh8 20. e4 Qd7
21. Rh4 Qd4 22. Re1 f5 23. Rh3 Bb4 24. Rf1 Rg8 25. exf5 Qg4 26. Qxg4 Rxg4 27.
Ne5 Re4 28. Nxf7+ Kg7 29. Ng5 Re1 30. Nxe6+ Kf6 31. Rxe1 Bxe1 32. g4 Rc2 33. f4
Bf2+ 34. Kf1 Rxa2 35. Rxh7 b5 36. Ng5 1-0

[Event "22nd European Teams Women"]
[Site "Batumi GEO"]
[Date "2019.11.01"]
[Round "8.8"]
[Board "3"]
[White "Gara, Ticia"]
[Black "Hrescak, Ivana"]
[Result "1-0"]
[WhiteTitle "WGM"]
[BlackTitle "WIM"]
[WhiteElo "2322"]
[BlackElo "2226"]
[WhiteTeam "Hungary"]
[BlackTeam "Slovenia"]
[WhiteFideId "717444"]
[BlackFideId "14613441"]
[EventDate "2019.10.24"]

1. e4 c5 2. Nf3 d6 3. d4 cxd4 4. Qxd4 a6 5. c4 Nc6 6. Qe3 g6 7. Be2 Bg7 8. O-O
Bg4 9. Rd1 Bxf3 10. Bxf3 Qa5 11. Nc3 Nf6 12. Bd2 Qc5 13. Nd5 O-O 14. Rac1 Qxe3
15. Bxe3 Nd7 16. b3 Rfd8 17. g3 Rab8 18. Be2 Re8 19. f3 Nc5 20. Kf2 a5 21. Bf1
b6 22. h4 h5 23. Bh3 Red8 24. Rc2 Kf8 25. Rcd2 Ke8 26. g4 hxg4 27. Bxg4 Rb7 28.
h5 gxh5 29. Bxh5 e6 30. Rg1 Kf8 31. Nf4 Ne5 32. Ne2 Bf6 33. Ng3 Rbb8 34. f4 Nc6
35. Bf3 Rbc8 36. Ke2 Ke7 37. Nh5 Bh8 38. Bf2 e5 39. Bh4+ f6 40. Nxf6 Bxf6 41.
Rg7+ Kf8 42. Bxf6 Nd4+ 43. Kf2 Rd7 44. Rxd7 Nxd7 45. fxe5 Nxf3 46. Kxf3 Nxf6 47.
exf6 Rc6 48. Kf4 Kf7 49. Kf5 a4 50. Rd5 axb3 51. axb3 1-0

[Event "22nd European Teams Women"]
[Site "Batumi GEO"]
[Date "2019.11.01"]
[Round "8.8"]
[Board "4"]
[White "Vidic, Teja"]
[Black "Terbe, Julianna"]
[Result "0-1"]
[WhiteTitle "WFM"]
[BlackTitle "WIM"]
[WhiteElo "2174"]
[BlackElo "2280"]
[WhiteTeam "Slovenia"]
[BlackTeam "Hungary"]
[WhiteFideId "14605511"]
[BlackFideId "708780"]
[EventDate "2019.10.24"]

1. e4 e5 2. Nf3 Nc6 3. Bb5 a6 4. Ba4 Nf6 5. O-O Be7 6. Re1 b5 7. Bb3 d6 8. c3
O-O 9. h3 Na5 10. Bc2 c5 11. d4 Nd7 12. Nbd2 exd4 13. cxd4 Nc6 14. d5 Nce5 15.
a4 Rb8 16. axb5 axb5 17. Nxe5 Nxe5 18. f4 Ng6 19. Nf3 Bh4 20. Rf1 Bg3 21. f5 Ne5
22. Ng5 h6 23. f6 gxf6 24. Nf3 Kg7 25. Nxe5 Bxe5 26. Qh5 Rh8 27. Ra3 b4 28. Raf3
c4 29. Bf4 Bxb2 30. Rg3+ Kf8 31. Bxh6+ Ke8 32. Rg7 Qe7 33. Ba4+ Kd8 34. Qe2 Bd4+
35. Kh1 c3 36. Qc4 Qa7 37. Bg5 Qc5 38. Rxf6 Kc7 39. Rfxf7+ Kb6 40. Qd3 Ra8 41.
Bd7 Bxd7 42. Rxd7 Ra1+ 43. Kh2 Be5+ 0-1

[Event "22nd European Teams Women"]
[Site "Batumi GEO"]
[Date "2019.11.01"]
[Round "8.9"]
[Board "1"]
[White "Bulmaga, Irina"]
[Black "Repkova, Eva"]
[Result "1-0"]
[WhiteTitle "IM"]
[BlackTitle "IM"]
[WhiteElo "2442"]
[BlackElo "2315"]
[WhiteTeam "Romania"]
[BlackTeam "Slovakia"]
[WhiteFideId "13903063"]
[BlackFideId "14900440"]
[EventDate "2019.10.24"]

1. e4 e6 2. d4 d5 3. Nc3 dxe4 4. Nxe4 Nd7 5. Nf3 Ngf6 6. Bg5 Be7 7. Nxf6+ Nxf6
8. Bd3 c5 9. Qe2 cxd4 10. O-O-O O-O 11. h4 Kh8 12. Bxf6 gxf6 13. g4 Qd5 14. Bc4
Qc5 15. Nxd4 b5 16. Bxb5 Rb8 17. a4 a6 18. Nc6 axb5 19. Nxb8 bxa4 20. Rh3 Bd6
21. Rc3 Qb6 22. Nc6 a3 23. Rxd6 Qxb2+ 24. Kd2 a2 25. Qf3 Kg7 26. g5 f5 27. Qh5
Qxc3+ 28. Kxc3 a1=Q+ 29. Kd2 Kh8 30. Qh6 Qg7 31. Qf6 Qxf6 32. gxf6 h5 33. Rd8
Rxd8+ 34. Nxd8 Kg8 35. Nc6 Bb7 36. Ne5 f4 37. Kd3 Kf8 38. Kd4 Ke8 39. Kc5 1-0

[Event "22nd European Teams Women"]
[Site "Batumi GEO"]
[Date "2019.11.01"]
[Round "8.9"]
[Board "2"]
[White "Hagarova, Zuzana"]
[Black "Peptan, Corina-Isabela"]
[Result "0-1"]
[WhiteTitle "IM"]
[BlackTitle "IM"]
[WhiteElo "2295"]
[BlackElo "2371"]
[WhiteTeam "Slovakia"]
[BlackTeam "Romania"]
[WhiteFideId "14900866"]
[BlackFideId "1201930"]
[EventDate "2019.10.24"]

1. e4 c5 2. Nf3 e6 3. g3 Nc6 4. Bg2 Nf6 5. Qe2 d6 6. O-O e5 7. c3 Be7 8. Na3 O-O
9. Nc2 Re8 10. d3 Bf8 11. Ne3 g6 12. h3 Bg7 13. Nh2 h5 14. f4 exf4 15. gxf4 d5
16. e5 d4 17. Nc4 Nd5 18. Qf3 Nde7 19. Nd6 Rf8 20. c4 Nf5 21. Nxc8 Rxc8 22. Qf2
Qd7 23. Be4 Bh6 24. Re1 Nce7 25. Kg2 f6 26. exf6 Rxf6 27. Kh1 Nd6 28. Bg2 Rcf8
29. Qh4 Nef5 30. Qf2 Ne7 31. Qh4 Nc6 32. Ng4 hxg4 33. Qxh6 Nf5 34. Qg5 gxh3 35.
Bxh3 Kg7 36. Kg1 Rh8 37. Bg2 Nh4 38. Bd2 Nxg2 39. Qxg2 Rh4 40. Qf3 Rh3 41. Qg2
Rxd3 42. Re2 Rh3 43. Rae1 Rh5 44. b4 cxb4 45. Bxb4 Qh3 46. Bd2 Qxg2+ 47. Kxg2
Rc5 48. Rc1 Rf7 49. a3 a5 50. Re8 Rf8 51. Re6 Kf7 52. Re4 Kf6 53. Re2 Rh8 54.
Kg3 Rch5 55. Rg2 Rh3+ 56. Kf2 Rxa3 57. Rcg1 Ne7 58. Rb1 Rc8 59. Rxb7 Rxc4 60.
Rb6+ Rc6 61. Rb5 Rc2 62. Kg1 Ra1+ 63. Kh2 Raa2 64. Rxa5 Rab2 0-1